000 00633 a2200241 4500
001 113196
020 _a0670839280
041 _apor
082 _a999999
100 _aDickens, Lucy.
250 _a1st American ed.
300 _a[10] p.
490 _aMy sister and me
697 _aIllustrated books, Children's.
697 _aPicture-books for children - Educational aspects.
830 _aMy sister and me
856 _u000023/00002303.jpg
040 _aBR-BrIDEA
_cBR-BrIDEA
090 _aAP Toddler [E]
_bDIC
245 1 0 _aOutside / Lucy Dickens.
_c Lucy Dickens
260 _a[s.l.]
_bViking
_c1991
942 _cBK
999 _c113196
_d113196